1508 1786 1946 1167 1286 1046 1491 1933 1663 1410 1414 1473 1606 1851 1595 1127 1050 1065 1585 1689 1361 1315 1572 1751 1922 1374 1088 1651 1382 1667 1578 1079 1708 1625 1378 1163 1049 1592 1728 1857 1505 1985 1077 1288 1136 1437 1750 1343 1662 1751 1281 1779 1393 1953 1714 1770 1039 1812 1389 1577 1055 1240 1531 1264 1551 1231 1930 1163 1381 1444 1925 1313 1969 1080 1225 1884 1673 1087 1708 1395 1366 1090 1637 1620 1369 1112 1277 1257 1552 1603 1996 1058 1611 1873 1497 1578 1895 1159 1923 BCNSPRNW ULIB Ver.6.0+V

เปลี่ยนเป็นภาษาไทย

Change to English
 แสดงรายละเอียดบรรณานุกรม
  กลับหน้าหลัก

Brief Record : Get Marc (ISO 2709) : E-mail record : QR code < ปิดหน้าต่าง
LEADER : 00000nam 2200000uu 4500
001    13399127831
003     ULIB
008    211008s2564||||th 000 0 tha d
020    ^a9789740339991
060  0 ^aWT100^bส838ก
100 0  ^aสุภาภรณ์ สุดหนองบัว,^eผู้แต่ง
245 10 ^aการดูแลผู้สูงอายุ :^bสถานการณ์และคุณภาพชีวิต /^cสุภาภรณ์ สุดหนองบัว
250    ^aพิมพ์ครั้งที่ 1
260    ^aกรุงเทพฯ :^bสำนักพิมพ์จุฬาลงกรณ์มหาวิทยาลัย,^c2564
300    ^a218 หน้า :^bแผนภูมิ ;^c26 ซม
505 2  ^aสถานการณ์ของจำนวนผู้สูงอายุทั้งในระดับโลกและระดับประเทศ --ความหมายและความสำคัญของการดูแลผู้สูงอายุ --รูปแบบการดูแลผู้สูงอายุของชาติตะวันตกและเอเชีย -- คุณภาพชีวิตผู้สูงอายุ --การปรับตัวของผู้สูงอายุต่อการเปลี่ยนแปลงทางสังคม --การจัดที่อยู่อาศัยของผู้สูงอายุ --ผลกระทบของการย้ายถิ่นของบุตรต่อความรู้สึกของพ่อแม่ที่สูงอายุ --แรงสนับสนุนทางสังคมในผู้สูงอายุ --ความต้องการและความคาดหวังของผู้สูงอายุ --ภาวะเศรษฐกิจในผู้สูงอายุและการจัดสวัสดิการผู้สูงอายุในประเทศไทย
650  7 ^aผู้สูงอายุ^xการดูแล
650  7 ^aผู้สูงอายุ^xสุขภาพและอนามัย
945    ^p250^l0^i28948
945    ^p250^l0^i28949
945    ^p250^l0^i28950
999    ^aกัณชพร จุลอักษร
รายการนี้ยังไม่มีแท็ก
คุณยังไม่ได้ล็อกอิน คุณสามารถมีกิจกรรมร่วมกับเว็บไซต์ได้ แต่ต้องล็อกอินก่อน ::
  ล็อกอิน

รายการสื่อสารสนเทศ

ลำดับที่ ประเภท เลขเรียก/บาร์โค้ด สถานที่ สถานะ
1. หนังสือสำรอง
หนังสือสำรอง
WT100 ส838ก ฉ.1 
  Barcode: 28948
ห้องสมุดวิทยาเขตนครสวรรค์
►หนังสือทั่วไป:l:General Books
บนชั้น
2. วิทยาศาสตร์การแพทย์ และสุขภาพ
วิทยาศาสตร์การแพทย์ และสุขภาพ
WT100 ส838ก ฉ.2 
  Barcode: 28949
ห้องสมุดวิทยาเขตนครสวรรค์
►หนังสือทั่วไป:l:General Books
บนชั้น
3. วิทยาศาสตร์การแพทย์ และสุขภาพ
วิทยาศาสตร์การแพทย์ และสุขภาพ
WT100 ส838ก ฉ.3 
  Barcode: 28950
ห้องสมุดวิทยาเขตนครสวรรค์
►หนังสือทั่วไป:l:General Books
บนชั้น

รายการใกล้เคียง
    หัวเรื่อง [ผู้สูงอายุ การดูแล]

BibComment


ยังไม่เคยถูกคอมเมนท์

คอมเมนท์ทรัพยากรรายการนี้
  คอมเมนท์: การดูแลผู้สูงอาย..


 Copyright 2026. Bcnsprnw @Library